MARC details
| 000 -LEADER |
| fixed length control field |
01531nam a2200313 a 4500 |
| 001 - CONTROL NUMBER |
| control field |
7969 |
| 003 - CONTROL NUMBER IDENTIFIER |
| control field |
BD-DhEWU |
| 005 - DATE AND TIME OF LATEST TRANSACTION |
| control field |
20160405172623.0 |
| 008 - FIXED-LENGTH DATA ELEMENTS--GENERAL INFORMATION |
| fixed length control field |
111025s2012 vaua g b 001 0 eng d |
| 020 ## - INTERNATIONAL STANDARD BOOK NUMBER |
| International Standard Book Number |
1416613749 |
|
| International Standard Book Number |
9781416613749 (pbk. : alk. paper) |
| 040 ## - CATALOGING SOURCE |
| Original cataloging agency |
DLC |
| Language of cataloging |
eng |
| Transcribing agency |
DLC |
| Modifying agency |
NIE |
| -- |
E7B |
| -- |
OCLCQ |
| -- |
YDXCP |
| -- |
CDX |
| -- |
DLC |
| -- |
BD-DhEWU |
| 041 ## - LANGUAGE CODE |
| Language code of text/sound track or separate title |
eng |
| 050 00 - LIBRARY OF CONGRESS CALL NUMBER |
| Classification number |
LB2822.82 |
| Item number |
.S8418 2012 |
| 082 04 - DEWEY DECIMAL CLASSIFICATION NUMBER |
| Classification number |
371.207 |
| Item number |
STA 2012 |
| 100 1# - MAIN ENTRY--PERSONAL NAME |
| Personal name |
Stewart, Vivien. |
| 9 (RLIN) |
20157 |
| 245 12 - TITLE STATEMENT |
| Title |
A world-class education : |
| Remainder of title |
learning from international models of excellence and innovation / |
| Statement of responsibility, etc |
Vivien Stewart. |
| 260 ## - PUBLICATION, DISTRIBUTION, ETC. (IMPRINT) |
| Place of publication, distribution, etc |
Alexandria, Va. : |
| Name of publisher, distributor, etc |
ASCD, |
| Date of publication, distribution, etc |
c2012. |
| 300 ## - PHYSICAL DESCRIPTION |
| Extent |
191 p. : |
| Other physical details |
illus. ; |
| Dimensions |
23 cm. |
| 500 ## - GENERAL NOTE |
| General note |
Print version:<br/>Stewart, Vivien.<br/>World-class education.<br/>Alexandria, Va. : ASCD, ©2012<br/>(DLC) 2011041504<br/>(OCoLC)759048548 |
| 504 ## - BIBLIOGRAPHY, ETC. NOTE |
| Bibliography, etc |
Includes bibliographical references and index. |
| 520 ## - SUMMARY, ETC. |
| Summary, etc |
Summary: <br/>Designed to promote conversation about how to educate students for a rapidly changing, innovation-based world, this comprehensive and illuminating book from international education expert Vivien Stewart focuses on understanding what the world's best school systems are doing right for the purpose of identifying what U.S. schools-at the national, state, and local level-might do differently and better. |
| 526 ## - STUDY PROGRAM INFORMATION NOTE |
| Program name |
Library |
| 590 ## - LOCAL NOTE (RLIN) |
| Local note |
Saifun Momota |
| 650 #0 - SUBJECT ADDED ENTRY--TOPICAL TERM |
| Topical term or geographic name as entry element |
School improvement programs. |
| 9 (RLIN) |
20158 |
|
| Topical term or geographic name as entry element |
Education, Higher |
| General subdivision |
Economic aspects. |
| 9 (RLIN) |
20159 |
| 942 ## - ADDED ENTRY ELEMENTS (KOHA) |
| Source of classification or shelving scheme |
Dewey Decimal Classification |
| Koha item type |
Text |